Archaeology in India today /

Bibliographic Details
Main Author: Wheeler, Mortimer, 1890-1976
Format: Book
Language:English
Published: Calcutta : Calcutta University, 1946.
Series:Adharchandra Mookerjee lectures ; 1944.
Subjects:

MARC

Tag First Indicator Second Indicator Subfields
LEADER 00000cam a2200000 4500
001 in00000036101
005 20151007055349.0
008 800702s1946 ii b 00010 eng d
035 |a (OCoLC)06478152 
035 |9 AAB8038AM 
040 |a CLE  |c CLE  |d m.c.  |d TXA  |d UtOrBLW 
049 |a TXAM  |c [A11651146] 
050 4 |a DS418  |b .W48 1946 
100 1 |a Wheeler, Mortimer,  |d 1890-1976. 
245 1 0 |a Archaeology in India today /  |c by R.E.M. Wheeler. 
264 1 |a Calcutta :  |b Calcutta University,  |c 1946. 
300 |a 29 pages 
336 |a text  |b txt  |2 rdacontent 
337 |a unmediated  |b n  |2 rdamedia 
338 |a volume  |b nc  |2 rdacarrier 
490 1 |a Adharchandra Mookerjee lectures for 1944 
504 |a Includes bibliographical references. 
650 0 |a Archaeology  |z India. 
830 0 |a Adharchandra Mookerjee lectures ;  |v 1944. 
999 |a MARS 
999 f f |s 1c266665-7fa5-331c-8d61-3b62bf3d45ca  |i ec3bfda1-21bc-39d5-9677-c2c30dc1d48a  |t 0 
952 f f |p ric  |a Texas A&M University  |b Rellis Campus  |c Joint Library Facility  |d Remote Storage  |t 0  |e DS418 .W48 1946  |h Library of Congress classification  |i unmediated -- volume  |m A14811651146 
998 f f |a DS418 .W48 1946  |t 0  |l Remote Storage